01209nam a2200181Ia 4500003000400000005001700004008004100021040001000062041000800072082001000080100002700090245007600117260010200193300002300295520058400318653001900902710010600921Ost20260426125804.0260426s9999||||xx |||||||||||||| ||und|| cfsecg aeng a338.5 aTouat, OthmaneeAuthor 0aHandout In Microeconomics 1 :blectures and exercises /cOthmane Touat aAlgiers :bUniversity of Algiers 3 Faculty of Economics Commercial Sciences and Management,c2023 a135 paper, c12 cm aThis handout offers an introduction to microeconomics, aiming to provide a comprehensive understanding of individual economic behavior. It outlines a 15-week syllabus covering fundamental concepts like supply and demand, consumer analysis, and other key microeconomic theories. The resource is designed to be beneficial for both students and professors, providing students with a clear learning path and professors with supplementary teaching materials. The goal is to equip learners with the analytical skills needed to navigate economic decision-making at the individual level. aMicroeconomics aUniversity of Algiers 3 Faculty of Economics Commercial Sciences and ManagementeScientific publisher